[Event "WchT U26"]
[Site "Maringa"]
[Date "1991.??.??"]
[Round "2"]
[White "Fiorito, Fabian"]
[Black "Sakaev, Konstantin"]
[Result "0-1"]
[WhiteElo "2410"]
[BlackElo "2495"]

1.Nf3 Nf6 2.c4 g6 3.Nc3 Bg7 4.d4 O-O 5.Bg5 d6 6.e3 Nbd7 7.Qc2 c6 8.Rd1 a6
9.a3 b5 10.b4 h6 11.Bh4 bxc4 12.Bxc4 a5 13.O-O g5 14.Bg3 Nh5 15.Be2 Nxg3
16.hxg3 Nb6 17.Nd2 Be6 18.f4 gxf4 19.gxf4 f5 20.Rfe1 Qd7 21.Bf3 axb4 22.axb4 Rab8
23.Nb3 Nd5 24.Bxd5 Bxd5 25.Nxd5 cxd5 26.Na5 Rxb4 27.Rb1 Rxb1 28.Rxb1 Rc8
29.Qb3 Qe6 30.Kh2 Qe4 31.Rb2 Rc1 32.Rf2 Kh7 33.Rf3 Qb1 34.Qxb1 Rxb1 35.Nc6 Bf6
36.Rg3 e6 37.Rf3 Rb3 38.Kg3 Kg6 39.Kf2 h5 40.Rh3 Rb2+ 41.Kf3 Rb6 42.Na5 Rb5
43.Nc6 Rb1 44.Rg3+ Kf7 45.Rh3 Kg6 46.Rg3+ Kf7 47.Rh3 h4 48.g3 Ke8 49.gxh4 Kd7
50.Rg3 Kxc6 51.Rg6 Bxh4 52.Rxe6 Rb2  0-1

[Event "WchT U26"]
[Site "Maringa"]
[Date "1991.??.??"]
[Round "6"]
[White "Vescovi, Giovanni"]
[Black "Sakaev, Konstantin"]
[Result "1/2-1/2"]
[WhiteElo "2225"]
[BlackElo "2495"]

1.e4 c5 2.Nf3 e6 3.d3 Nc6 4.g3 d5 5.Nbd2 d4 6.Bg2 Bd6 7.O-O Nge7 8.Nc4 Bc7
9.a4 e5 10.Nh4 Be6 11.f4 exf4 12.gxf4 O-O 13.b3 Ng6 14.Nf5 Nh4 15.Nxh4 Qxh4
16.Qe1 Qxe1 17.Rxe1 Bd7 18.Bd2 b6 19.e5 Rae8 20.a5 b5 21.Nd6 Bxd6 22.exd6 Rc8
23.a6 b4 24.Be4 g6 25.Kf2 f5 26.Bd5+ Kg7 27.Re2 Rf6 28.Bxc6 Rxc6 29.Re7+  1/2-1/2

[Event "WchT U26"]
[Site "Maringa"]
[Date "1991.??.??"]
[Round "9"]
[White "Sakaev, Konstantin"]
[Black "Sosa Macho, Federico"]
[Result "1-0"]
[WhiteElo "2450"]
[BlackElo "2215"]

1.d4 Nf6 2.c4 g6 3.Nc3 Bg7 4.e4 d6 5.Be2 O-O 6.g4 e5 7.d5 Ne8 8.h4 f5 9.exf5 gxf5
10.g5 Nd7 11.Nh3 e4 12.Nf4 Ne5 13.Be3 c6 14.Qd2 cxd5 15.Qxd5+ Kh8 16.O-O-O Nc7
17.Qd2 Be6 18.Ncd5 Bxd5 19.cxd5 Na6 20.Kb1 Nc5 21.Bxc5 dxc5 22.h5 Re8 23.h6 Bf8
24.Bh5 Bd6 25.Bxe8 Qxe8 26.Qc3 b5 27.g6 hxg6 28.Rdg1 b4 29.Nxg6+ Kh7 30.Nxe5 Bxe5
31.Qh3  1-0

[Event "Sao Paulo op"]
[Site "Sao Paulo"]
[Date "1991.??.??"]
[Round "4"]
[White "Man Yee, Chow"]
[Black "Sakaev, Konstantin"]
[Result "0-1"]
[WhiteElo "2280"]
[BlackElo "2450"]

1.Nf3 Nf6 2.g3 g6 3.Bg2 Bg7 4.O-O O-O 5.d3 d5 6.Nbd2 c5 7.c3 Nc6 8.e4 e5
9.Qe2 Rb8 10.h3 b6 11.Rd1 Ba6 12.Ne1 Qd7 13.Qf3 Rbd8 14.g4 d4 15.c4 h5 16.g5 Nh7
17.Qg3 Rfe8 18.Ndf3 Bf8 19.Bd2 Bd6 20.Nh4 Rb8 21.Bf3 Nf8 22.Kh2 b5 23.b3 Bc8
24.Be2 a6 25.Nef3 Ne6 26.Ng2 Qe7 27.Nfh4 Qc7 28.Nf3 Bd7 29.Rg1 bxc4 30.bxc4 Rb2
31.Rgd1 Reb8 32.Nfe1 Nf4 33.Bf3 Nxh3 34.Bxh5 Kg7 35.Bg4 Bxg4 36.Qxg4 Nxf2
37.Qf3 Rh8+ 38.Kg1 Nxd1 39.Qf6+ Kg8 40.Rxd1 Be7  0-1

[Event "Sao Paulo op"]
[Site "Sao Paulo"]
[Date "1991.??.??"]
[Round "7"]
[White "Sakaev, Konstantin"]
[Black "Panno, Oscar"]
[Result "1-0"]
[WhiteElo "2450"]
[BlackElo "2440"]

1.d4 e6 2.c4 Bb4+ 3.Nc3 c5 4.d5 Bxc3+ 5.bxc3 Qf6 6.Qd3 e5 7.e4 d6 8.h4 Nd7
9.Ne2 h5 10.Ng3 g6 11.Bg5 Qg7 12.Be2 f6 13.Bd2 Nh6 14.Qb1 Kd8 15.Qb3 Kc7
16.Rb1 a5 17.Rb2 Ra6 18.Qa3 Nb6 19.Be3 Qe7 20.Bd2 Bd7 21.Rb1 Nf7 22.Qb2 Kb8
23.Qc2 Nc8 24.Kd1 Rb6 25.Rxb6 Nxb6 26.Kc1 Ka7 27.Bd3 Rb8 28.Kb1 Ba4 29.Qb2 Be8
30.Ka1 Qd7 31.Rb1 Na8 32.Be2 Qe7 33.Qa3 b6 34.Rh1 Nc7 35.Qc1 Bd7 36.Bd3 Rg8
37.Qd1 Ne8 38.Bc2 Ng7 39.Ba4 Bc8 40.Qe2 Bg4 41.Qe1 Rh8 42.Nf1 Bc8 43.f3 f5
44.Ne3 Ne8 45.Nc2 Nf6 46.Na3 fxe4 47.fxe4 Ng4 48.Qg3 Rh7 49.Rf1 Kb8 50.Rb1 Kc7
51.Qe1 Ba6 52.Qd1 Rh8 53.Qb3 Rb8 54.Nb5+ Kd8 55.Rf1 Nh2 56.Rf2 Ng4 57.Rf1 Nh2
58.Rf2 Ng4 59.Rf3 Nh2 60.Rh3 Ng4 61.Rf3 Nh2 62.Rh3 Ng4 63.Qb1 Rb7 64.Na3 Rb8
65.Bc6 Kc7 66.Nb5+ Bxb5 67.Qxb5 Nf2 68.Qa6 Kd8 69.Rg3 Nxe4 70.Rxg6  1-0

[Event "Stockerau op-J"]
[Site "Stockerau"]
[Date "1991.??.??"]
[Round "?"]
[White "Knizek, Jan"]
[Black "Sakaev, Konstantin"]
[Result "1/2-1/2"]
[WhiteElo "2225"]
[BlackElo "2450"]

1.Nf3 d6 2.d4 Bg4 3.e4 Nf6 4.Nbd2 e6 5.c3 Be7 6.Qb3 b6 7.Bd3 Bh5 8.Qc2 Bg6
9.e5 Nfd7 10.Bxg6 hxg6 11.O-O d5 12.c4 c6 13.b3 O-O 14.Nb1 Na6 15.a3 Rc8
16.cxd5 cxd5 17.Qd3 Nab8 18.Bd2 Nc6 19.b4 a5 20.b5 Na7 21.Rc1 Rxc1+ 22.Bxc1 Qc7
23.Nc3 Rc8 24.Bb2 Qc4 25.Qxc4 Rxc4 26.a4 f6 27.exf6 gxf6 28.Nd1 Kf7 29.Ne3 Rc7
30.Rc1 Rxc1+ 31.Bxc1 Nc8 32.Bb2 Bd6 33.Kf1 Ne7 34.Ng4 Nf5 35.Ke2 Bb4 36.Ne3 Nxe3
37.fxe3 Bd6 38.g3 e5 39.Nd2 Ke6 40.Nb1 g5 41.Kf3 f5 42.Ba3 Bc7 43.Bc1 Nf6
44.Nc3 Ng4 45.h3 Nf6 46.Ne2 g4+ 47.Kg2 gxh3+ 48.Kxh3 Ng4 49.Kg2 Bd6 50.Ng1 Bf8
51.Kf3 Bh6 52.dxe5 Nxe5+ 53.Ke2 d4 54.exd4 Bxc1 55.dxe5 Kxe5 56.Kd3 Kd5 57.Nf3 Bb2
58.Nh4 Ke6 59.Nf3 Ba3 60.Nd4+ Kf6 61.Ke2 Ke5 62.Kd3 Bd6 63.Nc2 Bc7 64.Ke3 Kd5
65.Nd4 Bxg3 66.Nxf5 Be1 67.Kd3 Kc5 68.Ne3  1/2-1/2

[Event "Stockerau op-J"]
[Site "Stockerau"]
[Date "1991.??.??"]
[Round "?"]
[White "Alekseev, Andrey"]
[Black "Sakaev, Konstantin"]
[Result "0-1"]
[WhiteElo "2340"]
[BlackElo "2450"]

1.e4 c5 2.Nf3 e6 3.d4 cxd4 4.Nxd4 Nf6 5.Nc3 d6 6.Bc4 Be7 7.Be3 O-O 8.g4 d5
9.exd5 exd5 10.Be2 Bb4 11.Bd2 Nc6 12.Nxc6 bxc6 13.a3 Ba5 14.b4 Bc7 15.Be3 Re8
16.h3 a5 17.b5 Be5 18.Qd3 cxb5 19.Rb1 d4 20.f4 dxe3 21.fxe5 Qc7 22.exf6 Qg3+
23.Kd1 Bb7 24.Nd5 Bxd5 25.Rf1 Bc4  0-1

[Event "Brno"]
[Site "Brno"]
[Date "1992.??.??"]
[Round "4"]
[White "Schlosser, Philipp"]
[Black "Sakaev, Konstantin"]
[Result "1/2-1/2"]
[WhiteElo "2500"]
[BlackElo "2540"]

1.d4 Nf6 2.Nf3 e6 3.g3 b5 4.Bg2 Bb7 5.O-O c5 6.Na3 Qb6 7.c4 b4 8.Nb5 a6 9.dxc5 Bxc5
10.Nbd4 O-O 11.Nb3 Be7 12.Be3 Qc7 13.Rc1 a5 14.Bf4 Qb6 15.c5 Qa7 16.Bd6 Bxd6
17.Qxd6 Rc8 18.Rfd1 Nc6 19.Ne5 Nxe5 20.Bxb7 Qxb7 21.Qxe5 Qc7 22.Qe3 Qa7 23.Qe5 Qc7
24.Qe3  1/2-1/2

[Event "Brno"]
[Site "Brno"]
[Date "1992.??.??"]
[Round "5"]
[White "Sakaev, Konstantin"]
[Black "Hracek, Zbynek"]
[Result "1/2-1/2"]
[WhiteElo "2540"]
[BlackElo "2480"]

1.d4 Nf6 2.Nf3 e6 3.c4 Bb4+ 4.Nbd2 b6 5.g3 Bb7 6.Bg2 O-O 7.O-O d5 8.Ne5 Nbd7
9.Qa4 Bd6 10.Ndf3 c5 11.Bf4 Qe7 12.cxd5 Bxd5 13.Rac1 Rfc8 14.Rfd1 cxd4 15.Nxd7 Nxd7
16.Bxd6 Qxd6 17.Qxd4 Rxc1 18.Rxc1 Nf6 19.Ne5 Qe7 20.Bxd5 Nxd5 21.e4 Nf6 22.Nc6 Qb7
23.b4 h6 24.Rc2 b5 25.f3 a6 26.Kg2 Kh7 27.Rc3 Qc7 28.Ne5 Qb7 29.Qd6 a5 30.Nc6 axb4
31.Nxb4 Kg8 32.a3 Qd7 33.Qxd7 Nxd7 34.Nc2 Ne5 35.Nd4 Rb8 36.Rc5 Nc4 37.Nxb5 g5
38.Rxc4 Rxb5 39.Rc2 Ra5 40.Ra2 f5 41.exf5 exf5 42.a4 Kf7 43.Kf2 Ke6 44.Ke3 Kd5
45.Kd3 Kc5 46.Kc3 Kc6 47.f4 gxf4 48.gxf4 Rc5+ 49.Kd4 Rd5+ 50.Ke3 Ra5 51.Ra1 h5
52.h4 Kc5 53.Kd3 Kd5 54.Ra2 Kc6 55.Rc2+ Kd5 56.Rc4 Ra8 57.Rd4+ Kc5 58.Rc4+ Kd5
59.Rb4 Kc5 60.Rb5+ Kc6 61.Rb4 Kc5 62.Rb5+ Kc6 63.Rxf5 Rxa4 64.Ke3 Kd6 65.Re5 Rb4
66.Kf3 Kd7 67.Rxh5 Ke6 68.Kg4 Kf6 69.Rh6+ Kg7 70.Ra6 Rb5 71.h5 Rb1 72.Rg6+ Kf7
73.Rc6 Kg7 74.Re6 Ra1 75.Kg5 Rg1+ 76.Kf5 Rh1 77.Kg5 Rg1+ 78.Kf5 Rh1 79.Re7+ Kh6
80.Kf6 Ra1 81.f5 Ra6+ 82.Re6 Ra7 83.Re1 Rb7 84.Re8 Rb6+ 85.Re6 Rb7 86.Re2 Ra7
87.Ke6 Kxh5 88.Kf6 Ra6+ 89.Re6 Ra7 90.Re7 Ra6+ 91.Kg7 Kg5 92.Rf7 Rb6  1/2-1/2

[Event "Dortmund op-A"]
[Site "Dortmund"]
[Date "1992.??.??"]
[Round "1"]
[White "Krallmann, Matthias"]
[Black "Sakaev, Konstantin"]
[Result "0-1"]
[WhiteElo "2270"]
[BlackElo "2500"]

1.d4 e6 2.c4 Bb4+ 3.Bd2 a5 4.g3 d6 5.Nf3 Nc6 6.Bg2 e5 7.d5 Bxd2+ 8.Qxd2 Nb8
9.c5 Nf6 10.Nc3 O-O 11.cxd6 cxd6 12.O-O Na6 13.Ne1 Bd7 14.Nd3 b5 15.e4 b4
16.Nd1 Bb5 17.Re1 Qb6 18.Ne3 Rfc8 19.Nf5 Qd8 20.Rac1 g6 21.Nh6+ Kg7 22.Bh3 Rxc1
23.Nxc1 Nc5 24.f3 Bd7 25.Bxd7 Ncxd7 26.Ne2 Rc8 27.Rc1 Qb6+ 28.Kg2 Rxc1 29.Qxc1 Qb5
30.Qd2 Nc5 31.Nc1 Ncxe4 32.fxe4 Nxe4 33.Qe3 Qxd5 34.Ng4 Nf6+ 35.Qf3 Nxg4  0-1

[Event "Dortmund op-A"]
[Site "Dortmund"]
[Date "1992.??.??"]
[Round "3"]
[White "Jaeckle, Marco"]
[Black "Sakaev, Konstantin"]
[Result "0-1"]
[WhiteElo "2295"]
[BlackElo "2500"]

1.e4 c5 2.c3 e6 3.d4 d5 4.e5 Nc6 5.Nf3 Bd7 6.a3 f6 7.Bd3 cxd4 8.cxd4 Nh6
9.b4 Nf7 10.Bb2 a6 11.O-O g5 12.Re1 g4 13.Nfd2 fxe5 14.dxe5 Qg5 15.Nc3 Nfxe5
16.Nxd5 exd5 17.b5 axb5 18.Bxb5 Bg7 19.Bxc6 bxc6 20.Bxe5 Bxe5 21.Nc4 dxc4
22.Qd6 Ra5 23.Rab1 Rd5  0-1

[Event "Dortmund op-A"]
[Site "Dortmund"]
[Date "1992.??.??"]
[Round "7"]
[White "Sakaev, Konstantin"]
[Black "Moutousis, Konstantinos"]
[Result "1-0"]
[WhiteElo "2500"]
[BlackElo "2405"]

1.d4 f5 2.c4 Nf6 3.Nc3 e6 4.Nf3 b6 5.g3 Bb7 6.Bg2 Bb4 7.Qb3 a5 8.O-O O-O
9.Rd1 Qe8 10.Nb5 Na6 11.Bf4 Rc8 12.Rac1 Be7 13.d5 Bc5 14.h3 h6 15.Nc3 g5
16.Be5 Ne4 17.Bd4 e5 18.Bxc5 Naxc5 19.Qc2 Nxc3 20.Qxc3 d6 21.Nd2 Ra8 22.b3 Bc8
23.a3 Bd7 24.b4 Nb7 25.e3 Qe7 26.f4 exf4 27.exf4 gxf4 28.gxf4 Qf6 29.Qxf6 Rxf6
30.Nf3 Rg6 31.Kf2 Kf7 32.Rd2 Kf6 33.Nd4 axb4 34.axb4 Ra4 35.Rb2 Rg8 36.Bf3 Nd8
37.Rc3 Nf7 38.h4 Nh8 39.h5 Nf7 40.Ne2 Rb8 41.Rc1 Be8 42.Rg1 Nd8 43.Nc3 Raa8
44.Re2 Bf7 45.Nb5 Rc8 46.Ke3 Ra6 47.Rge1 Be8 48.Kf2 Bxb5 49.cxb5 Raa8 50.Rg1 Kf7
51.Rg6 Nb7 52.Rxh6 Rh8 53.Rg6 Nd8 54.Rc2 Ra7 55.Be2 Ke7 56.Rc3 Nf7 57.Re3+ Kd8
58.Ree6 Ra2 59.h6 Kc8 60.Rgf6 Rh7 61.Rg6 Rh8 62.Ke3 Ra3+ 63.Bd3 Rb3 64.Ref6 Rh7
65.Kd2  1-0

[Event "Dortmund op-A"]
[Site "Dortmund"]
[Date "1992.??.??"]
[Round "8"]
[White "Mainka, Romuald"]
[Black "Sakaev, Konstantin"]
[Result "0-1"]
[WhiteElo "2455"]
[BlackElo "2500"]

1.e4 c5 2.Nf3 e6 3.d4 cxd4 4.Nxd4 Nf6 5.Nc3 d6 6.Be2 Be7 7.O-O O-O 8.f4 Nc6
9.Be3 e5 10.fxe5 dxe5 11.Nf5 Bxf5 12.Rxf5 g6 13.Rf2 Qxd1+ 14.Rxd1 Kg7 15.g4 h6
16.h3 Rac8 17.Kg2 a6 18.a3 Nd8 19.Bd3 Ne6 20.Nd5 Nxd5 21.exd5 Nc5 22.d6 Bh4
23.Re2 Rfd8 24.Bxc5 Rxc5 25.Be4 Rd7 26.Rd3 Bg5 27.b3 Bc1 28.Bxb7 Rxb7 29.d7 Bg5
30.d8=Q Bxd8 31.Rxd8 a5 32.Re8 f6 33.Rd2 Rbc7 34.c4 a4 35.bxa4 Rxc4 36.Rdd8 h5
37.gxh5 gxh5 38.Rh8 Kg6 39.Rd3 Rc2+ 40.Kg3 R7c3 41.Rd8 Rxd3+ 42.Rxd3 Rc4
43.a5  0-1

[Event "Wch U18"]
[Site "Duisburg"]
[Date "1992.??.??"]
[Round "1"]
[White "Danielian, Oganes"]
[Black "Sakaev, Konstantin"]
[Result "0-1"]
[WhiteElo "2310"]
[BlackElo "2540"]

1.d4 d5 2.c4 e6 3.Nc3 c6 4.e4 dxe4 5.Nxe4 Bb4+ 6.Bd2 Qxd4 7.Bxb4 Qxe4+ 8.Be2 Nd7
9.Nf3 c5 10.Bc3 Ne7 11.Qd2 O-O 12.O-O-O Ng6 13.g3 h6 14.Rhe1 e5 15.h4 Nf6
16.b3 Qf5 17.h5 Ne4 18.Qe3 Nxc3 19.Qxc3 Qxh5 20.Rd5 Qf5 21.Bd1 b6 22.Bc2 Qf6
23.Bxg6 fxg6 24.Nxe5 g5 25.f3 Rb8 26.Qd2 Be6 27.Rd6 Rbd8 28.Re3 Rxd6 29.Qxd6 Re8
30.g4 Bf7 31.Qc7 Bg6 32.Kd2 Qd8+ 33.Qxd8 Rxd8+ 34.Ke2 Bb1 35.a3 a5 36.Nc6 Rd6
37.Ne7+ Kf8 38.Nd5 Bg6 39.Re5 Bf7 40.Nc3 Rc6 41.Ke3 Rd6 42.Ke2 Bg6 43.Ne4 Rd4
44.Re6 Bxe4 45.fxe4 a4 46.Ke3 axb3 47.Rxb6 Rxc4 48.Rxb3 Ke7 49.Kd3 Rd4+ 50.Ke3 Ra4
51.Rc3 Kd6 52.Rd3+ Ke6 53.Rc3 Ra5 54.a4 Ke5 55.Rc2 g6 56.Rc1 h5 57.gxh5 gxh5
58.Rg1 Kf6 59.Rf1+ Kg6 60.e5 g4 61.Rf4 c4 62.Re4 c3 63.e6 c2 64.Kd2 Rc5 65.Kc1 Rc8
66.e7 Re8 67.a5 g3 68.Kxc2 g2 69.Re1 h4  0-1

[Event "Wch U18"]
[Site "Duisburg"]
[Date "1992.??.??"]
[Round "7"]
[White "Sakaev, Konstantin"]
[Black "Berzinsh, Roland"]
[Result "1-0"]
[WhiteElo "2540"]
[BlackElo "2390"]

1.d4 Nf6 2.c4 e6 3.Nf3 b6 4.g3 Ba6 5.Qa4 c6 6.Nc3 b5 7.cxb5 cxb5 8.Nxb5 Qb6
9.Nc3 Bb4 10.Bg2 O-O 11.Qd1 Rc8 12.Bd2 d5 13.O-O Bxc3 14.Bxc3 Ne4 15.Rc1 Nd7
16.Re1 Rab8 17.Qa4 Bb5 18.Qa3 Qb7 19.Ba5 Rxc1 20.Rxc1 Rc8 21.Rxc8+ Qxc8 22.Bf1 Qc1
23.Kg2 Qd1 24.Qb3 Bxe2 25.Qxd1 Bxd1 26.Bb5 Nb6 27.b3 Bc2 28.Ne5 Nd6 29.Ba6 Bb1
30.Nc6 Bxa2 31.Nxa7 Nd7 32.b4 e5 33.Bc7 Nc4 34.Nc6 exd4 35.Nxd4 Bb1 36.Bb7 Ndb6
37.Bc6 Kf8 38.f3 Bd3 39.Kf2 Ke7 40.Bb5 Nd7 41.Bc6 Ncb6 42.Ke3 Bb1 43.Nb5 Ba2
44.Kd4 Ke6 45.Nc3 Bb3 46.Ne2 g5 47.Kc3 Bc4 48.Nd4+ Ke7 49.b5 Na4+ 50.Kb4 Nac5
51.Nf5+ Ke6 52.Nd4+ Ke7 53.Ka5 f6 54.Nf5+ Ke6 55.Nd4+ Ke7 56.b6 Na6 57.Nf5+ Ke6
58.Nd4+ Ke7 59.Nb5 Ndb8 60.Bb7 Nc5 61.Bd6+  1-0

[Event "Wch U18"]
[Site "Duisburg"]
[Date "1992.??.??"]
[Round "8"]
[White "Sakaev, Konstantin"]
[Black "Georgiev, Vladimir"]
[Result "1-0"]
[WhiteElo "2540"]
[BlackElo "2345"]

1.d4 g6 2.c4 Bg7 3.Nc3 d6 4.Nf3 e5 5.dxe5 dxe5 6.Qxd8+ Kxd8 7.Bd2 Be6 8.O-O-O Nd7
9.e3 f6 10.Ne4 Nh6 11.Bc3 Kc8 12.Be2 Nf7 13.Rhg1 Bf8 14.g4 Be7 15.Nfd2 a5
16.b3 Re8 17.Rgf1 c6 18.Ng3 Bb4 19.Kb2 Kc7 20.f4 Nd6 21.f5 gxf5 22.gxf5 Bf7
23.Bxb4 axb4 24.Nde4 Nxe4 25.Nxe4 Rf8 26.Rg1 Be8 27.Rg7 Rf7 28.Rdg1 h6 29.Rg8 Re7
30.Rh8 Rd8 31.Rgg8 Kb6 32.Bh5 Nc5 33.Nxc5 Kxc5 34.Bxe8 Rd2+ 35.Kc1 Rxh2 36.Rg6 h5
37.Rxf6 h4 38.Rfh6 Rg7 39.Bg6 Rh1+ 40.Kd2 Rh2+ 41.Ke1 Rc7  1-0

[Event "Wch U18"]
[Site "Duisburg"]
[Date "1992.??.??"]
[Round "9"]
[White "Al Modiahki, Mohamad"]
[Black "Sakaev, Konstantin"]
[Result "1/2-1/2"]
[WhiteElo "2295"]
[BlackElo "2540"]

1.e4 e6 2.d4 d5 3.Nc3 Nf6 4.Bg5 dxe4 5.Nxe4 Be7 6.Bxf6 gxf6 7.Bc4 Nd7 8.Nf3 f5
9.Ng3 Nb6 10.Bb3 c5 11.c3 Qc7 12.Qe2 c4 13.Bc2 Bd7 14.Ne5 Bc6 15.Rg1 Bd5
16.O-O-O Rg8 17.Kb1 Rg5 18.h4 Rg8  1/2-1/2

[Event "Wch U18"]
[Site "Duisburg"]
[Date "1992.??.??"]
[Round "10"]
[White "Sakaev, Konstantin"]
[Black "Langier, Daniel"]
[Result "1-0"]
[WhiteElo "2540"]
[BlackElo "2305"]

1.d4 f5 2.Nf3 Nf6 3.Bg5 d5 4.e3 c6 5.Bxf6 exf6 6.c4 Be6 7.Nbd2 Bd6 8.Bd3 O-O
9.O-O Qe8 10.Qb3 Qf7 11.Rac1 Rd8 12.Qc2 g6 13.c5 Bf8 14.b4 b5 15.a4 a6 16.Ra1 Ra7
17.Ra3 Bc8 18.Rfa1 Rc7 19.g3 Bb7 20.R3a2 Qd7 21.Nb1 Be7 22.Nc3 Kg7 23.Qe2 Qe6
24.Nh4 Re8 25.Qf3 Bd8 26.Bc2 Nd7 27.axb5 axb5 28.Nb1 Nf8 29.Nd2 Qd7 30.Qd1 Ne6
31.f4 Nf8 32.Kf2 Qe6 33.Nf1 Qd7 34.h3 Kg8 35.Nh2 Qg7 36.Ra3 Qh6 37.Qf3 Rce7
38.Ke2 Bc7 39.Kd2 Bb8 40.Qf2 Ne6 41.N2f3 Bc8 42.Rh1 Nc7 43.Qg2 Na6 44.Rb1 Kh8
45.Qf2 Bc7 46.Ne1 Bb8 47.Neg2 Bc7 48.Bd3 Bb8 49.Kc3 Qg7 50.Rba1 Ra7 51.g4 fxg4
52.hxg4 Kg8 53.Nf3 Qd7 54.g5 f5 55.Ne5 Qe6 56.Nh4 Bxe5 57.dxe5 Ra8 58.Nf3 Bb7
59.Nd4 Qc8 60.Qh4 Nc7 61.Rxa8 Bxa8 62.Bxf5 gxf5 63.g6 Qd7 64.gxh7+ Kh8 65.Qf6+ Qg7
66.Qxg7+ Kxg7 67.Ra7  1-0

[Event "Peer Gynt"]
[Site "Gausdal"]
[Date "1992.??.??"]
[Round "1"]
[White "Stein, Bernd"]
[Black "Sakaev, Konstantin"]
[Result "1/2-1/2"]
[WhiteElo "2370"]
[BlackElo "2540"]

1.e4 c5 2.Nf3 e6 3.c3 d5 4.exd5 exd5 5.d4 Nc6 6.Be2 Bd6 7.dxc5 Bxc5 8.O-O Nge7
9.Nbd2 O-O 10.Nb3 Bd6 11.Nbd4 a6 12.Bd3 h6 13.Bc2 Ng6 14.Nf5 Bc7 15.Be3 Re8
16.Qd3 Be6  1/2-1/2

[Event "Gausdal Int"]
[Site "Gausdal"]
[Date "1992.??.??"]
[Round "2"]
[White "Sakaev, Konstantin"]
[Black "Ernst, Thomas"]
[Result "1/2-1/2"]
[WhiteElo "2540"]
[BlackElo "2570"]

1.d4 Nf6 2.Nf3 g6 3.c4 Bg7 4.Nc3 d5 5.cxd5 Nxd5 6.e4 Nxc3 7.bxc3 c5 8.Rb1 O-O
9.Be2 cxd4 10.cxd4 Qa5+ 11.Bd2 Qxa2 12.O-O b6 13.Qc1 Bb7 14.Bc4 Qa4 15.Bb5 Qa2
16.Bc4 Qa4 17.Bb5 Qa2 18.Re1 Rc8 19.Qd1 e6 20.Qe2 Nc6 21.Qe3 Rd8 22.Ra1 Qb2
23.Reb1 Qc2 24.Rc1 Nxd4 25.Nxd4 Qxe4 26.Nc6 Qxe3 27.Bxe3 Bxc6 28.Bxc6 Bxa1
29.Bxa8 Bb2 30.Rb1 Rxa8 31.Rxb2 Rd8 32.Kf1 f6 33.f4 Kf7 34.Rc2 Ke7 35.Ke2 Rd5
36.Rc8 Rd8 37.Rc3 Rd5 38.g4 Kd8 39.g5 fxg5 40.fxg5 Rf5 41.Bd4 Kd7 42.Bf6 Ra5
43.Rh3 e5 44.Rxh7+ Ke6 45.h4 Kf5 46.Be7 Ra2+ 47.Ke3 Rh2 48.Bd6 Rh3+ 49.Ke2 a5
50.Re7 Rxh4 51.Rxe5+ Kg4 52.Rb5 Rh7 53.Ke3 Rf7 54.Ke4 Rf5 55.Rxb6 Kxg5 56.Rb1 Kf6
57.Bf4 a4 58.Rb6+ Kf7 59.Ra6 a3 60.Ra7+ Kf6 61.Ra6+ Kf7 62.Be5 Rf2 63.Ra7+ Ke6
64.Ra6+ Kf7 65.Rxa3 g5 66.Ra6 Rf1 67.Bd4 Rf4+ 68.Ke5 Rf3 69.Rb6 g4 70.Ke4 Rf1
71.Be5 g3 72.Bxg3 Rd1 73.Kf5 Rd5+ 74.Be5 Rd7 75.Bd6 Ra7 76.Bb4 Ke8 77.Rh6 Rf7+
78.Ke5 Kd7 79.Bc5 Ke8 80.Re6+ Kd7 81.Ra6 Ke8 82.Bd6 Kd7 83.Kd5 Rf5+ 84.Be5 Rf7
85.Ra8 Ke7 86.Bd6+ Kd7 87.Ke5 Rf3 88.Ra7+ Kc6 89.Rc7+ Kb5 90.Bc5 Rb3 91.Kd5 Rd3+
92.Bd4 Rb3 93.Bc3 Kb6 94.Rc6+ Kb7 95.Bd4 Rb5+ 96.Bc5 Rb1 97.Bd4 Rb5+ 98.Kd6 Rb3
99.Rc7+ Ka6 100.Kc6 Rb6+ 101.Kd5 Rb7 102.Rc3 Kb5 103.Bc5 Rd7+ 104.Bd6 Rb7
105.Ra3 Kb6 106.Kc4 Kc6 107.Bc5 Rf7 108.Bd4 Kd7 109.Kd5 Rf5+ 110.Be5 Rf7
111.Ra6 Ke8 112.Bf6 Rd7+ 113.Ke6 Re7+ 114.Kf5 Rb7 115.Rd6 Rd7 116.Re6+ Kf7
117.Be5 Rb7 118.Rh6 Ke8 119.Ke6 Re7+ 120.Kd6 Rd7+ 121.Kc6 Rd1 122.Rh7 Kf8
123.Kc5 Kg8 124.Rg7+ Kf8 125.Rb7 Kg8 126.Bd4 Rf1 127.Rg7+ Kf8 128.Kd6 Rd1
129.Rg4 Kf7 130.Kd5 Rf1 131.Rg7+ Kf8  1/2-1/2

[Event "Gausdal Int"]
[Site "Gausdal"]
[Date "1992.??.??"]
[Round "3"]
[White "Thomsen, Torbjorn"]
[Black "Sakaev, Konstantin"]
[Result "0-1"]
[WhiteElo "2215"]
[BlackElo "2540"]

1.d4 e6 2.e4 d5 3.exd5 exd5 4.Bd3 Nc6 5.c3 Bd6 6.Ne2 Qf6 7.b3 Nh6 8.h3 Nf5
9.Bxf5 Bxf5 10.Ba3 O-O-O 11.Bxd6 Rxd6 12.O-O h5 13.Nd2 g5 14.Ng3 Bd3 15.Re1 Qg6
16.Nf3 h4 17.Nf1 f6 18.N3h2 Bf5 19.Re3 Rdd8 20.Qe2 Bd7 21.Re1 f5 22.Qc2 Qf6
23.f3 Rhg8 24.Kh1 Rg7 25.Qd3 Ne7 26.Qd2 Ng6 27.c4 dxc4 28.bxc4 Re7 29.Rxe7 Nxe7
30.d5 Ng6 31.Ne3 Nf4 32.Rb1 Kb8 33.a4 Qe7 34.a5 Qc5 35.Qb2 Bc8 36.Nhf1 Re8
37.Qb4 Qxb4 38.Rxb4 Bd7 39.Kg1 Re5 40.Rb2 c6 41.Rd2 Kc7  0-1

[Event "Peer Gynt"]
[Site "Gausdal"]
[Date "1992.??.??"]
[Round "3"]
[White "Tammela, Kari"]
[Black "Sakaev, Konstantin"]
[Result "0-1"]
[WhiteElo "2340"]
[BlackElo "2540"]

1.e4 c5 2.Nf3 d6 3.d4 cxd4 4.Nxd4 Nf6 5.Nc3 e6 6.Be2 Be7 7.O-O O-O 8.Be3 Nc6
9.Kh1 Bd7 10.Nb3 a6 11.a4 b6 12.f4 Qc7 13.Bf3 Rfd8 14.Qe1 Be8 15.Qf2 Nd7
16.g4 Nc5 17.g5 Rab8 18.h4 Nxb3 19.cxb3 b5 20.axb5 axb5 21.Ra6 Rdc8 22.Rfa1 Bd8
23.Qd2 Rb7 24.Ne2 Qe7 25.b4 g6 26.Ng3 Qd7 27.Rd1 Be7 28.Bg4 Rbb8 29.Rda1 Qc7
30.Bf3 Rd8 31.Qc2 Qd7 32.Qb3 d5 33.exd5 exd5 34.Kg2 Nxb4 35.Ra7 Qd6 36.Ne2 Nc6
37.R7a6 Qb4 38.Qxb4 Nxb4 39.Ra7 Nc6 40.R7a6 Nb4 41.Ra7 Nc2  0-1

[Event "Gausdal Int"]
[Site "Gausdal"]
[Date "1992.??.??"]
[Round "4"]
[White "Sakaev, Konstantin"]
[Black "Borge, Nikolaj"]
[Result "1-0"]
[WhiteElo "2540"]
[BlackElo "2410"]

1.d4 Nf6 2.c4 g6 3.Nc3 Bg7 4.e4 d6 5.f3 O-O 6.Be3 e5 7.Nge2 c6 8.Qd2 exd4
9.Nxd4 Re8 10.O-O-O d5 11.Nc2 Na6 12.Kb1 Nc7 13.g4 Be6 14.exd5 cxd5 15.c5 Nd7
16.h4 Ne5 17.Be2 Nc4 18.Bxc4 dxc4 19.Qh2 Qe7 20.h5 g5 21.Bd4 h6 22.Bxg7 Kxg7
23.Ne4 Nd5 24.Nd6 Nf4 25.Nd4 Kg8 26.Nxe8 Rxe8 27.Nxe6 Nxe6 28.Qe5 Qxc5 29.Qxc5 Nxc5
30.Rhe1 Rc8 31.Rd6 Kg7 32.Rc1 b5 33.Rd5 Ne6 34.Rxb5 Nd4 35.Rd5 Nxf3 36.Rc3 Nh2
37.Rd4 Re8 38.Rcxc4 Nf3 39.Rd3 Ne5 40.Re3 Nxc4 41.Rxe8 Kf6 42.Rh8 Ne3 43.Rxh6+ Kg7
44.Ra6 Nxg4 45.Rxa7 Ne5 46.Re7  1-0

[Event "Peer Gynt"]
[Site "Gausdal"]
[Date "1992.??.??"]
[Round "4"]
[White "Sakaev, Konstantin"]
[Black "Grotnes, Nils"]
[Result "1-0"]
[WhiteElo "2540"]
[BlackElo "2345"]

1.d4 d5 2.Nf3 Nf6 3.c4 c6 4.Nc3 e6 5.Bg5 h6 6.Bxf6 Qxf6 7.Qc2 Nd7 8.e4 dxe4
9.Qxe4 Bb4 10.Bd3 g6 11.O-O O-O 12.c5 Qg7 13.Na4 Nf6 14.Qe2 Rd8 15.a3 Ba5
16.b4 Bc7 17.Nb2 Bd7 18.Nc4 Be8 19.a4 b6 20.Rfc1 bxc5 21.bxc5 g5 22.h3 h5
23.Rd1 g4 24.hxg4 hxg4 25.Nfe5 Kf8 26.Bc2 Nd5 27.Ra3 f5 28.g3 Ne7 29.Kg2 Rab8
30.Rd2 Qh6 31.Ra1 Qh3+ 32.Kg1 Rb7 33.Qf1 Qxf1+ 34.Kxf1 Ng6 35.Nxg6+ Bxg6
36.Ke2 Kg7 37.Rad1 f4 38.Bxg6 Kxg6 39.gxf4 Bxf4 40.Na5 Rc7 41.Rb2 Kf5 42.Rb4 Rh8
43.Rf1 Rh2 44.Rb8 Ke4 45.Re8 e5 46.dxe5 g3 47.Nc4 g2 48.Rd1 g1=N+ 49.Rxg1 Kd4
50.Rg4 Kxc4 51.Rxf4+ Kxc5 52.Rd8 Re7 53.Rf5 Re6 54.Ke3 Rh1 55.f4 Ra1 56.Rf6 Re7
57.Rc8 Ra3+ 58.Ke4 Rxa4+ 59.Kf5 Ra6 60.Rd6 Rf7+ 61.Kg5 Ra1  1-0

[Event "Peer Gynt"]
[Site "Gausdal"]
[Date "1992.??.??"]
[Round "5"]
[White "Brestian, Egon"]
[Black "Sakaev, Konstantin"]
[Result "1/2-1/2"]
[WhiteElo "2450"]
[BlackElo "2540"]

1.c4 e5 2.g3 Nc6 3.Bg2 g6 4.Nc3 Bg7 5.Rb1 d6 6.b4 a6 7.a4 f5 8.b5 axb5 9.axb5 Nce7
10.d3 Nf6 11.Nf3 h6 12.O-O g5 13.Bb2 O-O 14.c5 g4 15.cxd6 cxd6 16.Nd2 d5
17.Ra1 Be6  1/2-1/2

[Event "Gausdal Int"]
[Site "Gausdal"]
[Date "1992.??.??"]
[Round "6"]
[White "Sakaev, Konstantin"]
[Black "Nielsen, Peter Heine"]
[Result "1-0"]
[WhiteElo "2540"]
[BlackElo "2405"]

1.d4 Nf6 2.c4 g6 3.Nc3 Bg7 4.e4 d6 5.f3 O-O 6.Be3 e5 7.Nge2 c6 8.Qd2 Nbd7
9.O-O-O a6 10.Kb1 b5 11.Nc1 exd4 12.Bxd4 Re8 13.Nb3 Re6 14.g4 b4 15.Ne2 c5
16.Bf2 Bb7 17.Bg2 Ne8 18.Nf4 Re7 19.Bh4 a5 20.Nd5 Bxd5 21.Qxd5 Ra7 22.f4 a4
23.Nc1 h6 24.g5 hxg5 25.Bxg5 Ndf6 26.Qxc5 Rac7 27.Qa5 Qc8 28.Nd3 Rxc4 29.e5 dxe5
30.fxe5 Qf5 31.Bxf6 Bxf6 32.Qd5 Rxe5 33.Qxc4 Re2 34.Qd5 Rxb2+ 35.Kc1 Qc8+
36.Qc6 b3 37.Qxc8 bxa2 38.Qxe8+ Kg7 39.Qxa4  1-0

[Event "Peer Gynt"]
[Site "Gausdal"]
[Date "1992.??.??"]
[Round "7"]
[White "Davies, Nigel R"]
[Black "Sakaev, Konstantin"]
[Result "1/2-1/2"]
[WhiteElo "2460"]
[BlackElo "2540"]

1.d4 d5 2.Nf3 c6 3.c4 e6 4.Qc2 Nf6 5.g3 b6 6.Bg2 Bb7 7.O-O Nbd7 8.Nbd2 c5
9.Rd1 Rc8 10.b3 dxc4 11.Qxc4 Be7 12.Ba3  1/2-1/2

[Event "Gausdal Int"]
[Site "Gausdal"]
[Date "1992.??.??"]
[Round "7"]
[White "Murshed, Niaz"]
[Black "Sakaev, Konstantin"]
[Result "1/2-1/2"]
[WhiteElo "2505"]
[BlackElo "2540"]

1.d4 d5 2.c4 e6 3.Nc3 c6 4.Nf3 dxc4 5.g3 Nf6 6.Bg2 b5 7.a4 b4 8.Nb1 Nbd7
9.O-O Ba6 10.Bg5 Rc8 11.Nbd2 c3 12.bxc3 bxc3 13.Nb1 Qa5 14.Bxf6 gxf6 15.Qb3 Bxe2
16.Rc1 Qb4 17.Qxc3 Qxc3 18.Nxc3 Ba6 19.Ne4 f5 20.Nc5 Nxc5 21.dxc5 Bg7 22.Rab1 Ke7
23.Bf1 Bxf1 24.Rb7+ Kf6 25.Kxf1 a5  1/2-1/2

[Event "Gausdal Int"]
[Site "Gausdal"]
[Date "1992.??.??"]
[Round "8"]
[White "Sakaev, Konstantin"]
[Black "Sveshnikov, Evgeny"]
[Result "0-1"]
[WhiteElo "2540"]
[BlackElo "2525"]

1.b3 e5 2.Bb2 Nc6 3.e3 Nf6 4.Bb5 Bd6 5.Na3 Na5 6.Be2 a6 7.Nc4 Nxc4 8.bxc4 Qe7
9.a4 O-O 10.Nh3 Bc5 11.f4 Bxe3 12.Bxe5 Ba7 13.Nf2 d6 14.Bb2 Re8 15.d4 Ng4  0-1